Sports Quiz

Random Sports or Football Quiz

American Football Nicknames(Clickable) Quiz Stats

 Plays Quiz not verified by Sporcle

Challenge
Share
Tweet
Embed
Score 0/20 Timer 05:00
0 Plays Today
% Correct
B.I.L.L.S
93.2%
Da Raidahs
92.6%
Niners
92.6%
The Pats
92.6%
The Pack
92%
Jags
91.1%
The Fins
88.7%
The Black and Gold
86.6%
The Chefs
86.6%
Bolts
84.9%
% Correct
The Vikes
83.4%
America's Team
81.6%
The Dirty Birds
81.3%
Big Blue (Wrecking Crew)
77.7%
The Who Dats
77.2%
Dawgs
74.2%
The Oilers
67.7%
Monsters of the Midway
64.1%
Purple Pain
63.5%
Iggles
48.1%

You're not logged in!

Compare scores with friends on all Sporcle quizzes.
Join for Free
OR
Log In

You Might Also Like...

Show Comments

Extras

Top Quizzes Today


Score Distribution

Your Account Isn't Verified!

In order to create a playlist on Sporcle, you need to verify the email address you used during registration. Go to your Sporcle Settings to finish the process.

Report this User

Report this user for behavior that violates our Community Guidelines.

Details: